EL SUBEMPLEO EN AMERICA LATINA/

INCLUYE BIBLIOGRAFIA

Guardat en:
Dades bibliogràfiques
Altres autors: Birkbeck, Chris (autor) (autor)
Format: Llibre
Matèries:
Etiquetes: Afegir etiqueta
Sense etiquetes, Sigues el primer a etiquetar aquest registre!

MARC

LEADER 00000nam^a2200000^a^4500
001 000224164
005 20250521000000.0
009 20260310104041.119
035 |a 043159 
037 |a Acervo Xavier Clavigero 
082 |a 331. 12098  |b SUB 
245 1 3 |a EL SUBEMPLEO EN AMERICA LATINA/  |c CHRIS BIRKBECK ...[ ET. AL.] 
264 |a BUENOS AIRES :  |b CLACSO,  |c 1979 
300 |a 518p. 
336 |a texto  |b txt  |2 rdacontenido 
337 |a sin mediación  |b n  |2 rdamedio 
338 |a volumen  |b nc  |2 rdasoporte 
520 |a INCLUYE BIBLIOGRAFIA 
649 |a XX 
650 |a TRABAJO -  |x OFERTA -  |x HISPANOAMERICA 
650 |a Empleo y Desempleo 
650 |a TRABAJO Y TRABAJADORES -  |x HISPANOAMERICA 
700 |a Birkbeck, Chris  |e (autor) 
910 |a Fondo General 
920 |a Impresos - Libros 
930 |a Colección General 
905 |a 101 
901 |a 043159  |b IT1  |c ACC  |i 043159  |u 20250521 
902 |a https://opac.biblio.iteso.mx/vufind/Record/000224164